|
|
|
|
| LEADER |
00000ny a22000003n 4500 |
| 005 |
20110617131152.0 |
| 008 |
980114s1997 sp s 000 spa d |
| 017 |
|
|
|a B18025-1997
|
| 020 |
|
|
|a 9788489171688
|
| 035 |
|
|
|a 2364
|
| 040 |
|
|
|a UCM.EMP
|d vlex
|
| 040 |
|
|
|a UMA.RE
|d vlex
|
| 080 |
|
|
|a 351.713(460)(0.034)
|
| 090 |
|
|
|c 1400
|d 1400
|
| 245 |
0 |
0 |
|a Temas pendientes de derecho tributario
|h [Recurso electrn̤ico]
|c Carlos Palao Taboada ... [et al.]
|
| 256 |
|
|
|a Servicio en ln̕ea
|
| 260 |
|
|
|a Barcelona :
|b Cedecs,
|c 1997
|
| 300 |
|
|
|a 170 p. ;
|c 21 cm
|
| 490 |
1 |
|
|a Derecho Financiero y tributario
|
| 506 |
1 |
|
|a Contenido solo disponible en los productos indicados
|d vLex Global
|d vLex Global (Academic Edition, excluding Law Schools)
|d vLex Global (U.S. Academic Edition, Law Schools)
|d vLex Global (U.S. Academic Edition, excluding Law Schools)
|d vLex Global (Academic Edition, Law Schools)
|
| 650 |
0 |
7 |
|2 Tesauro vLex
|a Tributario
|
| 650 |
0 |
7 |
|2 Tesauro vLex
|a Derecho tributario
|
| 700 |
1 |
|
|a Palao Taboada, Carlos
|
| 740 |
0 |
|
|a vLex Libros (Servicios en ln̕ea)
|
| 856 |
4 |
0 |
|z Texto completo (Vlex)
|u http://vlex.com/source/2364
|
| 942 |
|
|
|c BOOK
|